000 00963nam1a22002771i 4500
001 v19\rc\1837318
005 20260407121947.0
035 _a(NLR Aleph) 004931563
090 _a5685320
_c5685320
100 _a20071224d1908 |||a0rusy50 ca
101 0 _arus
102 _aRU
105 _a z |||||
200 1 _aНаставление для инженерных войск по специальному образованию
_eУкрепление полевых позиций. Ч. 1
210 _aСанкт-Петербург
_cтип. Суворина
_d1908
215 _d18
740 1 _aРоссия
_tВоенные уставы и наставления
_3RU\NLR\AUTH\889957977
_9412039
801 0 _aRU
_bNLR
_gpsbo
801 0 _aRU
_bRuMoRGB
_2psbo
801 1 _aRU
_bProSoft-M
_2rusmarc
852 _aNLR
_j38.43.3.23
899 _aRuMoRGB
_jU 31/651
899 _aRuMoRGB
_jΔ 516/43
899 _aRuMoRGB
_jΔ 750/48
899 _aБАН
942 _cBOOK